00558nam a2200193 a 4500008004100000020001500041050001500056100001900071245007700090260002800167300002300195350000900218500004700227650001800274650002300292650001500315650001200330650002200342120416s1987 ||||||||||||||||| || u a0862323916 aGN 380 Bur aBurger, Julian10aReport from the frontier : the state of the world's indigenous peoples / aLondonbZed Booksc1987 aviii, 310p. : ill. a0.00 aIncludes index. -Bibliography: p. 293-300. aACCULTURATION aIndigenous peoples aMinorities aCULTURE aCULTURAL CONFLICT